History Quiz

Random History or Famous Quiz

Famous Person By Spouse Quiz Stats

 Plays Quiz not verified by Sporcle

Score 0/20 Timer 10:00
0 Plays Today
Spouse Person % Correct
Mary ToddAbraham Lincoln
83.5%
Prince Rainier III of MonacoGrace Kelly
78.4%
Prince Albert of Saxe-Coburg and GothaQueen Victoria
73.9%
Anne HathawayWilliam Shakespeare
62.2%
Imelda RomualdezFerdinand Marcos
56.8%
Jiang QingMao Zedong
55.1%
Winnie MadikizelaNelson Mandela
54.3%
Calpurnia PisonisJulius Caesar
49.1%
Oona O'NeillCharlie Chaplin
38.9%
Martha WaylesThomas Jefferson
35.2%
Spouse Person % Correct
Matilda of FlandersWilliam the Conqueror
34.9%
Roxana of BactriaAlexander the Great
34.9%
Cynthia PowellJohn Lennon
24.4%
Asif Ali ZardariBenazir Bhutto
20.7%
Constanze WeberWolfgang Amadeus Mozart
20.7%
Filipa Moniz PerestreloChristopher Columbus
19.6%
Deborah ReadBenjamin Franklin
18.2%
George P. PutnamAmelia Earhart
12.5%
Arthur Bell NichollsCharlotte Brontë
8.2%
PrasutagusBoudica
7.7%

You're not logged in!

Compare scores with friends on all Sporcle quizzes.
OR
Log In

Show Comments

Extras

Created Oct 12, 2010ReportNominate
Tags:Famous Quiz, marriage, spouse, wedding

Top Quizzes Today


Score Distribution

Your Account Isn't Verified!

In order to create a playlist on Sporcle, you need to verify the email address you used during registration. Go to your Sporcle Settings to finish the process.

Report this User

Report this user for behavior that violates our Community Guidelines.

Details: